| 000 | 01054cam a22002774a 4500 | ||
|---|---|---|---|
| 001 | 13863068 | ||
| 005 | 20090625132314.0 | ||
| 008 | 050207s2006 maua b 001 0 eng | ||
| 020 | _a007298435X (alk. paper) | ||
| 040 |
_aDLC _cDLC _dDLC |
||
| 082 | 0 | 0 |
_a330 _222 _bSHA |
| 100 | 1 |
_aSharp, Ansel Miree, _d1924- _930307 |
|
| 245 | 1 | 0 |
_aEconomics of Social Issues / _cAnsel M. Sharp, Charles A. Register, Paul W. Grimes. |
| 250 | _a17th ed. | ||
| 260 |
_aBoston : _bMcGraw-Hill/Irwin, _cc2006. |
||
| 300 |
_axvi, 461 p. : _bill. ; _c24 cm. |
||
| 504 | _aIncludes bibliographical references and index. | ||
| 650 | 0 |
_aEconomics. _930308 |
|
| 650 | 0 |
_aSocial problems. _930309 |
|
| 653 |
_bEco _cJune2012 |
||
| 700 | 1 |
_aRegister, Charles A. _930310 |
|
| 700 | 1 |
_aGrimes, Paul W. _930311 |
|
| 942 |
_2ddc _cBB |
||
| 999 |
_c16812 _d16812 |
||